000 01032cam a2200289 a 4500
001 1860
005 20231106145339.0
020 _a0140315977 (pbk.)
040 _aDLC
_cDLC
_dDLC
_dFISKH
_beng
050 1 0 _aPZ7.D1515
082 0 0 _a[Fic]
_219
100 1 _aDahl, Roald.
245 1 4 _aThe BFG /
_cRoald Dahl ; illustrated by Quentin Blake.
260 _aLondon :
_aNew York :
_bPuffin,
_c1998
300 _a208 pages :
_billustrations ;
_c20 cm.
500 _aOriginally published: London : J. Cape, c1982.
500 _a"Puffin books."
505 _aM
520 _aKidsnatched from her orphanage by a BFG (Big Friendly Giant), who spends his life blowing happy dreams to children, Sophie concocts with him a plan to save the world from nine other man-gobbling cannybull giants.
521 _a720
_bLexile
521 _aR
_bRaz-Plus
650 1 _aGiants
_xFiction.
650 1 _aOrphans
_xFiction.
700 1 _aBlake, Quentin,
_eillustrator
906 _a7
_bcbc
_corignew
_d1
_eocip
_f19
_gy-gencatlg
942 _2ddc
_cBK
_n0
999 _c1860
_d1860